Enciclopedia de la construcción : escaleras, parkings y garajes montajes especiales

Bibliographic Details
Main Author: Quiroga Capovilla, Hugo
Format: Section = Libro
Language:Undetermined
Spanish
Published: Barcelona Nuevas Bibliotecas Daly de la Construcción [s.f.]
Subjects:
LEADER 00603nam a2200205Ia 4500
008 240829s9999 xx 000 0 und d
020 |a 84-86584-48-5 
040 |a BIBLIOTECA-RUSB/ Ref 690 Q8 
041 |a spa 
082 |a Ref 690 Q8 
100 1 |a Quiroga Capovilla, Hugo 
245 1 0 |a Enciclopedia de la construcción : escaleras, parkings y garajes montajes especiales 
260 |a Barcelona  |b Nuevas Bibliotecas Daly de la Construcción  |c [s.f.] 
300 |a p. irreg. :il. 
650 7 |a CONSTRUCCIONES 
650 7 |b  ESCALERAS 
650 7 |c  GARAJES 
942 |c BK  |2 ddc 
991 |a TEXTO 
999 |c 6292